000 01073nam a22003017a 4500
001 BR0901983
003 BR-BrBNA
005 20230928102912.0
007 ta
008 230509b bl.||||| |||| 00| 0 por d
040 _aBR-BrBNA
_bpor
_cBiblioteca Nacional de Agricultura
041 _a(Por)
072 _aH20; H10
_b0120
_b4110
_b4020
090 _ 0120 BR0901983
100 1 _aMenezes, R.S.
110 1 _aUniversidade de Brasília, DF (Brasil). Faculdade de Agronomia e Medicina Veterinária
_0Tese (Mestre em Ciências Agrárias)
245 1 _aSeleção de estirpes de Bacillus thuringiensis e determinação da atividade de proteínas Cry tóxicas para importantes lepidopteros da cultura do milho no Brasil
260 3 _aBrasília, DF (Brasil):
_c2008.
300 _a112 p.
500 _aSummaries (Eng, Por); Several bibliography; 21 illus.; 13 tables
650 _aMILHO
650 _aBACILLUS THURINGIENSIS
650 _aBACTÉRIA
650 _aCONTROLE BIOLÓGICO
650 _aLEPIDOPTERO
909 _a202309
_bLucia
_c55
_dLucia Elande
942 _cBK
999 _c72906
_d72906